Development finance: planning and control

Gardado en:
Detalles Bibliográficos
Autor Principal: Hicks, Ursula K (Author)
Formato: Libro
Idioma:inglés
Publicado: Oxford Clarendon Press 1965
Subjects:
Tags: Engadir etiqueta
Sen Etiquetas, Sexa o primeiro en etiquetar este rexistro!

MARC

LEADER 00000nam a2200000 a 4500
001 UCR7707
003 CL-VaPUC
008 980519e19650000UK |||||||||||||||||eng|d
082 0 4 |a 338.9  |b HIC  |2 21 
100 |a Hicks, Ursula K  |e author  |9 409099 
245 1 0 |a Development finance: planning and control 
300 |a 187 p 
942 |c BK 
945 |d 19980519 00:00:00  |a crobeson 
260 |a Oxford  |b Clarendon Press  |c 1965 
650 0 |a Desarrollo económico y social   |9 256320 
650 0 |a Gasto público  |9 335386 
650 0 |a Administración financiera  |9 261146 
650 0 |a Política fiscal  |9 317354 
583 |a last modification  |c 20170426 05:11:45  |k Rodrigo Vera 
999 |c 269297  |d 269295